[Event "CHI-chT"]
[Site "Chile"]
[Date "2023.11.09"]
[Round "6.2"]
[White "Galleguillos Alvarado, Maximiliano Alonso"]
[Black "Avalos Herrera, Ian"]
[Result "1-0"]
[WhiteElo "1970"]
[BlackElo "1651"]
[PlyCount "71"]
[EventDate "2023.11.07"]
[EventType "team-tourn"]
[EventRounds "7"]
[EventCountry "CHI"]
[SourceTitle "CBM 217 Extra"]
[Source "ChessBase"]
[SourceDate "2024.01.31"]
[SourceVersion "1"]
[SourceVersionDate "2024.01.31"]
[SourceQuality "1"]
[WhiteTeam "UCH"]
[BlackTeam "USM (V)"]
[WhiteTeamCountry "CHI"]
[BlackTeamCountry "CHI"]

1. d4 Nf6 2. c4 e6 3. Nc3 d5 4. cxd5 exd5 5. Bg5 Be7 6. e3 c6 7. Qc2 Nbd7 8. Bd3 h6 9. Bh4 0-0 10. Nge2 Re8 11. f3 c5 12. 0-0 cxd4 13. Nxd4 Ne5 14. Bg3 Nxd3 15. Qxd3 Bc5 16. Rfd1 a6 17. Rac1 Qe7 18. Kf2 b5 19. Rd2 Bxd4 20. Qxd4 Be6 21. Bh4 g5 22. Bg3 Rac8 23. Qe5 Qd8 24. Ne2 Rxc1 25. Nxc1 Nd7 26. Qd4 Qc8 27. Ne2 Qc4 28. b3 Qc6 29. Nc3 Nb6 30. Qf6 Bd7 31. Qxc6 Bxc6 32. Bc7 b4 33. Ne2 Nd7 34. Nd4 Ba8 35. Bd6 a5 36. Rc2 1-0

[Event "Pan American-ch U16"]
[Site "Guayaquil"]
[Date "2019.07.26"]
[Round "8"]
[White "Galleguillos Alvarado, Maximiliano Alonso"]
[Black "Luna Urrutia, Alex Josue"]
[Result "1/2-1/2"]
[WhiteElo "1979"]
[BlackElo "1687"]
[PlyCount "41"]
[EventDate "2019.07.21"]
[EventType "swiss"]
[EventRounds "9"]
[EventCountry "ECU"]
[SourceTitle "EXT 2020"]
[Source "ChessBase"]
[SourceDate "2019.10.17"]
[SourceVersion "1"]
[SourceVersionDate "2019.10.17"]
[SourceQuality "1"]

1. d4 Nf6 2. Nf3 g6 3. Nbd2 c5 4. e3 Bg7 5. b3 cxd4 6. exd4 d5 7. Bd3 Nc6 8. Bb2 0-0 9. a3 a6 10. 0-0 Qc7 11. Re1 Nh5 12. Ne5 Nxe5 13. dxe5 Nf4 14. Bf1 Bf5 15. Rc1 Rfd8 16. Nf3 Rac8 17. Bd3 Nxd3 18. cxd3 Qb6 19. Rxc8 Rxc8 20. Nd4 Bd7 21. Qd2 1/2-1/2

[Event "Vina del Mar U2200"]
[Site "Vina del Mar"]
[Date "2019.04.27"]
[Round "3.4"]
[White "Galleguillos Alvarado, Maximiliano Alonso"]
[Black "Alvarado Munoz, Sebastian Ignacio"]
[Result "1-0"]
[WhiteElo "1888"]
[BlackElo "1900"]
[PlyCount "93"]
[EventDate "2019.04.27"]
[EventType "swiss"]
[EventRounds "6"]
[EventCountry "CHI"]
[SourceTitle "EXT 2024"]
[Source "ChessBase"]
[SourceDate "2023.10.10"]
[SourceVersion "1"]
[SourceVersionDate "2023.10.10"]
[SourceQuality "1"]

1. e4 c5 2. Nf3 Nc6 3. Nc3 g6 4. d4 cxd4 5. Nxd4 Bg7 6. Be3 Nf6 7. Bc4 0-0 8. Bb3 d6 9. f3 Bd7 10. Qd2 Rc8 11. 0-0-0 Ne5 12. h4 h5 13. Bg5 Rc5 14. Kb1 b5 15. Rhe1 Nc4 16. Bxc4 bxc4 17. Ka1 Qb6 18. Nde2 Rb8 19. Rb1 Ra5 20. Be3 Qa6 21. Bd4 e5 22. Be3 d5 23. exd5 Nxd5 24. Bc5 Be6 25. Ba3 e4 26. Nxd5 Rxd5 27. Qe3 c3 28. Nxc3 Ra5 29. fxe4 Rxa3 30. bxa3 Rc8 31. e5 Qxa3 32. Rb3 Bxb3 33. cxb3 Qc5 34. Kb2 Qxe3 35. Rxe3 Rc5 36. b4 Rxe5 37. Rxe5 Bxe5 38. Kb3 Bg3 39. Ka4 Kf8 40. Nb5 a6 41. Nd4 Bc7 42. b5 axb5+ 43. Kxb5 Bg3 44. a4 Bxh4 45. a5 Bf6 46. Nb3 Bg5 47. a6 1-0

[Event "Santiago IRT 2 Escalerilla"]
[Site "Santiago de Chile"]
[Date "2018.07.12"]
[Round "3.4"]
[White "Galleguillos Alvarado, Maximiliano Alonso"]
[Black "Abiuso, Diego"]
[Result "1-0"]
[WhiteElo "1801"]
[BlackElo "1880"]
[PlyCount "92"]
[EventDate "2018.07.05"]
[EventType "swiss"]
[EventRounds "6"]
[EventCountry "CHI"]
[SourceTitle "EXT 2024"]
[Source "ChessBase"]
[SourceDate "2023.10.10"]
[SourceVersion "1"]
[SourceVersionDate "2023.10.10"]
[SourceQuality "1"]

1. e4 e5 2. Nf3 Nc6 3. Bb5 a6 4. Ba4 Nf6 5. d3 d6 6. c3 Be7 7. 0-0 0-0 8. Nbd2 b5 9. Bc2 d5 10. exd5 Nxd5 11. Re1 Bb7 12. Nf1 Bf6 13. Ng3 g6 14. Ne4 Be7 15. Bh6 Re8 16. a4 b4 17. Qd2 f5 18. Neg5 Bf6 19. cxb4 Ncxb4 20. Bb3 a5 21. Ne4 fxe4 22. dxe4 Kh8 23. exd5 Bxd5 24. Bxd5 Qxd5 25. Qc3 Qd6 26. Ng5 Qe7 27. Ne4 Bg7 28. Bg5 Nd5 29. Qc4 Qe6 30. Rad1 c6 31. h3 Rab8 32. Rd2 Rb4 33. Qa6 Rf8 34. Qxa5 Qf5 35. Rde2 Rxe4 36. Rxe4 Qxg5 37. g3 Nf4 38. Kh2 Nd3 39. Rf1 Nxf2 40. Re2 Nxh3 41. Rxf8+ Bxf8 42. Rxe5 Qg4 43. Re8 Kg8 44. Qc5 Qf3 45. Kxh3 Qf1+ 46. Kh2 Qf3 1-0

[Event "Pan American prep"]
[Site "Santiago de Chile"]
[Date "2018.06.30"]
[Round "2.2"]
[White "Galleguillos Alvarado, Maximiliano Alonso"]
[Black "Pereira Cid, Fabian"]
[Result "1/2-1/2"]
[WhiteElo "1801"]
[BlackElo "1893"]
[PlyCount "46"]
[EventDate "2018.06.30"]
[EventType "swiss"]
[EventRounds "5"]
[EventCountry "CHI"]
[SourceTitle "EXT 2024"]
[Source "ChessBase"]
[SourceDate "2023.10.10"]
[SourceVersion "1"]
[SourceVersionDate "2023.10.10"]
[SourceQuality "1"]

1. e4 e6 2. d3 d5 3. Nd2 Nf6 4. Ngf3 b6 5. Qe2 dxe4 6. Nxe4 Nxe4 7. dxe4 Ba6 8. Qd2 Qxd2+ 9. Bxd2 Bc5 10. Bf4 Bxf1 11. Rxf1 Bd6 12. Be3 Nc6 13. 0-0-0 0-0-0 14. h3 h6 15. Rd2 Bb4 16. Rxd8+ Rxd8 17. Rd1 Rxd1+ 18. Kxd1 Kd7 19. c3 Be7 20. Kc2 Bf6 21. Kd3 Ne5+ 22. Nxe5+ Bxe5 23. Kc4 Kc6 1/2-1/2

[Event "South America-ch U14 13th"]
[Site "Santiago de Chile"]
[Date "2016.12.04"]
[Round "5"]
[White "Titichoca Daza, Daniel Henry"]
[Black "Galleguillos Alvarado, Maximiliano Alonso"]
[Result "1-0"]
[WhiteElo "1882"]
[BlackElo "1575"]
[PlyCount "45"]
[EventDate "2016.12.01"]
[EventType "swiss"]
[EventRounds "9"]
[EventCountry "CHI"]
[SourceTitle "EXT 2018"]
[Source "ChessBase"]
[SourceDate "2017.10.13"]
[SourceVersion "1"]
[SourceVersionDate "2017.10.13"]
[SourceQuality "1"]

1. e4 e6 2. Qe2 c6 3. Nf3 d5 4. d3 b6 5. g3 Bb7 6. Bg2 Bd6 7. 0-0 Ne7 8. Re1 0-0 9. e5 Bc7 10. Nbd2 c5 11. h4 Nbc6 12. h5 Nf5 13. c3 Rb8 14. Nf1 b5 15. N3h2 b4 16. Ng4 h6 17. Nfe3 Nxe3 18. Bxe3 Qe7 19. Bf4 bxc3 20. bxc3 Ba5 21. Rac1 Ba6 22. Kh2 d4 23. Bxc6 1-0

[Event "South America-ch U14 13th"]
[Site "Santiago de Chile"]
[Date "2016.12.02"]
[Round "3"]
[White "Galleguillos Alvarado, Maximiliano Alonso"]
[Black "Filgueiras, Nathan Felipe"]
[Result "0-1"]
[WhiteElo "1575"]
[BlackElo "1917"]
[PlyCount "102"]
[EventDate "2016.12.01"]
[EventType "swiss"]
[EventRounds "9"]
[EventCountry "CHI"]
[SourceTitle "EXT 2018"]
[Source "ChessBase"]
[SourceDate "2017.10.13"]
[SourceVersion "1"]
[SourceVersionDate "2017.10.13"]
[SourceQuality "1"]

1. f4 d5 2. Nf3 Nf6 3. e3 Bf5 4. d4 e6 5. Be2 Be7 6. 0-0 Nbd7 7. c3 0-0 8. Ne5 Bxb1 9. Rxb1 Ne4 10. Bd3 f5 11. Nxd7 Qxd7 12. Bd2 c5 13. b4 cxb4 14. cxb4 b5 15. Qe2 Nd6 16. Rfc1 Nc4 17. Bxc4 bxc4 18. Bc3 Rfb8 19. Qd2 Rb7 20. Rb2 Rab8 21. Rcb1 Rb6 22. Kf2 Qa4 23. Kg1 Bd6 24. Kf2 h6 25. g3 g6 26. Kg2 Kf7 27. Kf2 Be7 28. h3 a6 29. Kg2 Ke8 30. Kh2 Kd7 31. Kh1 Kc8 32. Kh2 R8b7 33. Kg2 Kb8 34. Kh2 Ka8 35. Kh1 Rb8 36. Kh2 R6b7 37. Kg2 Bd6 38. Kh1 Rg8 39. Kh2 g5 40. Rg1 Rbg7 41. Rbb1 h5 42. Kh1 h4 43. gxh4 gxh4 44. Rxg7 Rxg7 45. Rg1 Rxg1+ 46. Kxg1 Qa3 47. Kf2 Kb7 48. Kg2 Kb6 49. Kf3 Kb5 50. Qe1 Be7 51. Qb1 Qxc3 0-1

[Event "South America-ch U14 13th"]
[Site "Santiago de Chile"]
[Date "2016.12.02"]
[Round "2"]
[White "Galleguillos Alvarado, Maximiliano Alonso"]
[Black "Suarez, Pedro Martin"]
[Result "1-0"]
[WhiteElo "1575"]
[BlackElo "1903"]
[PlyCount "59"]
[EventDate "2016.12.01"]
[EventType "swiss"]
[EventRounds "9"]
[EventCountry "CHI"]
[SourceTitle "EXT 2018"]
[Source "ChessBase"]
[SourceDate "2017.10.13"]
[SourceVersion "1"]
[SourceVersionDate "2017.10.13"]
[SourceQuality "1"]

1. f4 d5 2. Nf3 Nf6 3. e3 e6 4. d4 b6 5. c3 c5 6. Bd3 Bd6 7. 0-0 Nc6 8. Ne5 Qc7 9. Nd2 Bb7 10. a4 c4 11. Bc2 0-0-0 12. Qe2 Ne8 13. e4 f6 14. Nxc6 Bxc6 15. e5 fxe5 16. fxe5 Bf8 17. Nf3 Be7 18. Ng5 Bxg5 19. Bxg5 Rd7 20. Qg4 h6 21. Bd2 Re7 22. Bg6 Qd7 23. Be1 Nc7 24. Bh4 h5 25. Qg3 Rh6 26. Bxe7 Qxe7 27. Rf2 h4 28. Qg4 Qd8 29. Raf1 Bxa4 30. Rf7 1-0

[Event "Santiago U2200 op 3er"]
[Site "Santiago de Chile"]
[Date "2016.08.14"]
[Round "4.2"]
[White "Camacho, Philippe"]
[Black "Galleguillos Alvarado, Maximiliano Alonso"]
[Result "0-1"]
[WhiteElo "2104"]
[BlackElo "1518"]
[PlyCount "134"]
[EventDate "2016.08.13"]
[EventType "swiss"]
[EventRounds "5"]
[EventCountry "CHI"]
[SourceTitle "EXT 2024"]
[Source "ChessBase"]
[SourceDate "2023.10.10"]
[SourceVersion "1"]
[SourceVersionDate "2023.10.10"]
[SourceQuality "1"]

1. e4 e6 2. d4 d5 3. Nc3 Nf6 4. Bg5 Bb4 5. e5 h6 6. Bd2 Bxc3 7. bxc3 Ne4 8. Bd3 Nxd2 9. Qxd2 c5 10. f4 c4 11. Bf1 Na6 12. g3 Bd7 13. Nf3 Nc7 14. Bh3 Qe7 15. a4 h5 16. 0-0 g6 17. a5 Kf8 18. Rfb1 Rb8 19. Bg2 Kg7 20. Rb2 Bb5 21. Nh4 a6 22. Qf2 Rbg8 23. Bh3 Kf8 24. Nf3 Ke8 25. Ng5 Rf8 26. Kf1 Kd8 27. Ke2 Kc8 28. Kd2 Kb8 29. Bg2 Bc6 30. Rb4 Nb5 31. h3 Ka8 32. Qe3 Rfg8 33. Nf3 Rg7 34. Kc1 Qc7 35. Nh2 Qe7 36. Nf1 Rhg8 37. h4 Nc7 38. Kb2 Bb5 39. Qf3 Qd7 40. Ne3 Qc6 41. g4 hxg4 42. Qxg4 Qd7 43. Qf3 Ne8 44. Rb1 f5 45. Kc1 Rh8 46. Rxb5 axb5 47. a6 bxa6 48. Kd2 Ka7 49. Qf2 Nc7 50. Qe1 Qe7 51. Qc1 Rb8 52. Qb2 Rgg8 53. Bf3 Rh8 54. Ng2 Rh7 55. Ra1 Rhh8 56. Ke3 Qf8 57. Qa2 Rh7 58. Qa5 Rb6 59. Rh1 Ne8 60. Kf2 Qe7 61. Kg3 Ng7 62. Ne3 Nh5+ 63. Bxh5 gxh5 64. Nf1 Rh8 65. Ne3 Rg8+ 66. Kh3 Qg7 67. Rg1 Qxg1 0-1